| 000 | 00809cab a2200241 4500 | ||
|---|---|---|---|
| 001 | ABS51187 | ||
| 008 | 090401t1994 xxu||||| |||| 00| 0 eng d | ||
| 035 | _a(Sirsi) u14215 | ||
| 041 | _aeng | ||
| 100 | _aHelps, L. | ||
| 245 | _aAuctions | ||
| 260 | _c1994 | ||
| 350 | _a0 | ||
| 490 |
_aEstates Times _v(1246) 26 August 1994, 10-14(5) |
||
| 520 | _aA feature on auctions, which looks at the current state of the market, auction results January-June 1994, how Allsop and Co head the league table, a profile of Royal Insurance, the role of Grimley J R Eve in Scotland, and the use of computers. | ||
| 650 | _aARAS | ||
| 650 | _aAUCTION MARKET | ||
| 650 | _aCOMPUTER SYSTEMS | ||
| 650 | _aJLW AUCTION RESULTS ANALYSIS SYSTEM | ||
| 690 |
_aAuctioneering _96218 |
||
| 942 | _n0 | ||
| 948 | _c04/03/1997 | ||
| 999 |
_c9234 _d9234 |
||